Представление документа в формате RUSMARC

ПолеНазваниеЗначение
  Тип записи a
  Библиографический уровень m
001 Контрольный номер RU/ГПНТБ России/KNIGADB/26.89/А 65-469515767
005 Дата корректировки 20230427093200.7
010 Индекс ISBN __
a ISBN 978-5-04-116371-6
b Уточнения в пер.
9 Тираж 2000 экз.
d Цена 735-90
100 Данные общей обработки __
a Данные общей обработки 20220517d2022 dс y0rusy028902 ca
101 Язык документа 0_
a Язык текста rus
102 Страна публикации __
a Страна публикации RU
105 Кодированные данные (монография) __
a Кодированные данные (монография) a z 000yy
181 Поле кодированных данных: вид содержания _0
a Код вида содержания (ISBD) i
181 Поле кодированных данных: вид содержания _0
a Код вида содержания (ISBD) b
182 Поле кодированных данных: тип средства _0
a Код типа средства (ISBD) n
200 Заглавие и сведения об ответственности 1_
a Заглавие Байкал - чудо России
e Сведения, относящиеся к заглавию путешествие по самому глубокому озеру мира
f Первые сведения об ответственности Наталья Андрианова
g Последующие сведения об ответственности [иллюстрации Ю. В. Пятницыной]
203 Вид содержания и тип средства __
a Вид содержания Текст
a Вид содержания Изображение
c Тип средства непосредственные
210 Выходные данные 1_
a Место издания Москва
c Издательство Эксмо
d Дата издания 2022
215 Физическое описание __
a Объем 175 с.
c Иллюстрации/тип воспроизводства цв. ил.
d Формат 26 см
225 Серия 2_
a Серия Детские путеводители
i Наименование части Всегда на каникулах
320 Библиография __
a Библиография Указатель: с. 175
330 Аннотация __
a Аннотация Этот уникальный путеводитель по самому глубокому озеру мира рассчитан на очень требовательную и ценную аудиторию - на детей. Маленький читатель познакомится с любопытной девочкой Шурой и эрудированной нерпой Норой и отправится в путешествие по бескрайним просторам Сибири, чтобы лучше узнать, чем же так необычен и богат Байкал. Вы посетите города, раскинувшиеся на берегах жемчужины России, среди которых Иркутск, Улан-Удэ, Баргузин, Новоселенгинск и Ангарск, отправитесь на знаменитые острова Ольхон и Огой, проплывете по бухте Ая и полюбуетесь на гору Жима. Вы сможете как наяву увидеть самые необычные и впечатляющие достопримечательности - столбы Сэргэ, ступу Просветления, Иволгинский дацан и многие другие.
606 Тематические рубрики __
a Основная рубрика География
2 Код системы nlr_sh
606 Тематические рубрики __
2 Код системы nlr_sh
a Основная рубрика Страноведение
y Географическая подрубрика Байкал
y Географическая подрубрика Иркутская область
y Географическая подрубрика Бурятия
610 Ключевые слова 0_
a Ключевые слова детская литература
610 Ключевые слова 0_
a Ключевые слова познавательная литература
610 Ключевые слова 0_
a Ключевые слова развивающая литература
610 Ключевые слова 0_
a Ключевые слова озера
610 Ключевые слова 0_
a Ключевые слова водоемы
610 Ключевые слова 0_
a Ключевые слова глубоководные озера
610 Ключевые слова 0_
a Ключевые слова реки
610 Ключевые слова 0_
a Ключевые слова занимательная география
610 Ключевые слова 0_
a Ключевые слова обитатели водоемов
610 Ключевые слова 0_
a Ключевые слова города
610 Ключевые слова 0_
a Ключевые слова достопримечательности
610 Ключевые слова 0_
a Ключевые слова заповедники
686 Индексы других классификаций __
2 Код системы rubbks
a Классификационный индекс мл26.8я2
700 Автор _1
a Фамилия Андрианова
b Имя Н. А.
g Полное личное имя Наталья Аркадьевна
f Даты 1980-
4 Код отношения 070
702 Вторичная интеллектуальная ответственность _1
a Фамилия Пятницына
b Имя Ю. В.
4 Код отношения 440
801 Источник записи _0
b Организация ГПНТБ России
a Страна RU
c Дата составления 20220517
g Правила каталогизации PSBO
801 Источник записи _1
b Организация ГПНТБ России
a Страна RU
c Дата составления 20220517
g Правила каталогизации PSBO
852 Данные о местонахождении 5_
j Шифр хранения мл26.8я2
i Авторский знак А 65
900 Макрообъекты __
a Макрообъекты Байкал - чудо России. Андрианова, Н., 2022
901 Тип документа __
a Ответственный ООФиК/Волкова
t Тип документа m
903 Характеристики (МАРС) __
a Дата передачи 20220524
c Наименование библиотеки (МАРС) Муниципальное бюджетное учреждение культуры "Централизованная библиотечная система" г. Сургут (Центральная городская библиотека им. А. С. Пушкина)
969 Тип издания __
a Тип издания научно-популярное издание
a Тип издания издание для детей
a Тип издания путеводитель
990 Данные о заказе (DOS) __
j Количество экземпляров (DOS) 6
t N записи в КСУ для И/У (DOS) 202206